000 00375nam a22001697a 4500
005 20160616142556.0
008 160616b xxu||||| |||| 00| 0 eng d
020 _a81-203-2183-9
041 _aeng
082 _b8007
100 _aSrinivasan, R
_91419
245 _aCase Studies in Marketing
260 _bPHI
300 _a266
650 _aManagement
_9241
942 _cBK
999 _c2976
_d2975